[Event "Titled Tue 12th Mar Early"]
[Site "chess.com INT"]
[Date "2024.03.12"]
[Round "4"]
[White "Firouzja, Alireza"]
[Black "Mitrabha, G."]
[Result "1-0"]
[WhiteElo "2760"]
[BlackElo "2526"]
[PlyCount "45"]
[EventDate "2024.03.12"]

1. Nf3 Nf6 2. g3 b6 3. Bg2 Bb7 4. O-O c5 5. d3 d5 6. Nbd2 g6 7. e4 dxe4 8. dxe4 Bg7 9. e5 Nd5 10. e6 $146 ({RR} 10. Ng5 e6 11. Nge4 Bc6 12. Nd6+ Kf8 13. Qe2 Qc7 14. Nf3 Nd7 15. c4 Ne7 16. Bf4 h6 17. h4 Nf5 18. Nxf5 gxf5 19. h5 Rc8 20. Rfe1 Be4 21. Nd2 Bxe5 22. Bxe5 Qxe5 23. Bxe4 fxe4 24. Nxe4 Nf6 {Elgar,T-Norris,E (2036) Bolton ENG 2024 0-1 (38)}) 10... f6 11. Re1 O-O 12. c3 Nc6 13. h4 Nc7 14. h5 Qd3 15. hxg6 hxg6 16. Nh4 Na5 17. Re3 Qd6 18. Bxb7 Nxb7 19. Nxg6 Rfd8 20. Qg4 Na5 21. Nh4 Ne8 22. Nf5 Qd5 23. Nxe7+ 1-0

[Event "Titled Tue 12th Mar Early"]
[Site "chess.com INT"]
[Date "2024.03.12"]
[Round "9"]
[White "Narayanan, Sri"]
[Black "Ter Sahakyan, S."]
[Result "1-0"]
[WhiteElo "2533"]
[BlackElo "2646"]
[PlyCount "71"]
[EventDate "2024.03.12"]

1. Nf3 d5 2. e3 c5 3. b3 Nc6 4. Bb2 Nf6 5. d4 Bg4 6. dxc5 e6 7. Nbd2 ({RR} 7. a3 Bxc5 8. b4 Be7 9. Nbd2 O-O 10. Be2 Rc8 11. c4 dxc4 12. Nxc4 Nd5 13. O-O Bxf3 14. Bxf3 Ncxb4 15. axb4 Rxc4 16. Rxa7 Qb6 17. Bd4 Qxb4 18. Qa1 Bf6 19. Bxf6 Nxf6 20. Rb1 Qd2 21. Ra2 Qc3 {Ianocichin,N (2102)-Hayrapetyan,E (2202) chess.com INT 2024 ½-½ (68)}) 7... Bxc5 8. Be2 O-O 9. O-O Qe7 $146 ({RR} 9... Rc8 10. a3 Bd6 11. c4 dxc4 12. Nxc4 Be7 13. h3 Bh5 14. Rc1 h6 15. Nce5 Nxe5 16. Nxe5 Bxe2 17. Qxe2 Qb6 18. b4 Rfd8 19. Rfd1 Rxc1 20. Rxc1 g6 21. Qc2 Ne8 22. Nc4 Qc6 23. Na5 Qxc2 24. Rxc2 {Leyton Calderon,J-Sandino Herrera,J Managua 2017 ½-½ (42)}) 10. c4 Rfd8 11. cxd5 Nxd5 12. Rc1 Rac8 13. Qc2 Ncb4 14. Qb1 Bf5 15. Qa1 Nc2 16. Rxc2 Bxc2 17. Bxg7 f6 18. Bh6 Bg6 19. Bc4 Bb4 20. e4 Nb6 21. e5 Bxd2 22. exf6 Qf7 23. Bxd2 Nxc4 24. bxc4 e5 25. Bg5 Re8 26. Nxe5 Qe6 27. Re1 Rxc4 28. h4 Bf7 29. Re3 Ra4 30. Rg3 Kh8 31. Nxf7+ Qxf7 32. Bh6 Rxa2 33. Qc3 Ra4 34. Rg7 Qe6 35. f7 Qe1+ 36. Kh2 1-0

[Event "Titled Tue 12th Mar Early"]
[Site "chess.com INT"]
[Date "2024.03.12"]
[Round "10"]
[White "Narayanan, Sri"]
[Black "Svane, R."]
[Result "1-0"]
[WhiteElo "2533"]
[BlackElo "2623"]
[PlyCount "80"]
[EventDate "2024.03.12"]

1. Nf3 d5 2. e3 Nf6 3. c4 c6 4. Nc3 a6 5. d4 Bf5 6. Bd3 Bg6 7. O-O e6 8. a3 ({RR} 8. b3 Nbd7 9. h3 Bd6 10. Bxg6 hxg6 11. Qd3 b5 12. e4 dxc4 13. bxc4 e5 14. Rd1 O-O 15. Qe2 exd4 16. Nxd4 Qc7 17. Bb2 b4 18. Nb1 Rfe8 19. Nd2 Nc5 20. f3 Be5 21. Rac1 Nh5 22. Nf1 Nf4 {Giri,A (2734)-Kamsky,G (2721) Beijing 2013 0-1 (36)}) ({RR} 8. b3 Nbd7 9. Bb2 Bb4 10. Ne2 O-O 11. Nf4 Bxd3 12. Nxd3 Bd6 13. Qc1 Re8 14. a4 h6 15. Ba3 Bc7 16. Rd1 Ne4 17. b4 b5 18. cxb5 cxb5 19. a5 Nd6 20. Nfe5 Nxe5 21. Nxe5 Nc4 22. Nxc4 bxc4 {Krallis,C (2347)-Checa,N (2517) chess.com INT 2023 ½-½ (72)}) ({RR} 8. Qe2 Bxd3 9. Qxd3 Nbd7 10. e4 dxe4 11. Nxe4 Be7 12. Bf4 O-O 13. a3 b5 14. c5 Nxe4 15. Qxe4 Qc8 16. Be5 Rd8 17. Rad1 Nxe5 18. Nxe5 Rd5 19. Nd3 a5 20. Nf4 Rd7 21. Rd3 Bf6 22. Nh5 Be7 {Narayanan,S (2559)-Santos Flores,A (2164) chess.com INT 2023 1-0 (44)}) 8... Nbd7 9. Re1 $146 ({RR} 9. b4 Bd6 10. Bb2 O-O 11. Re1 Ne4 12. Bxe4 dxe4 13. Nd2 f5 14. Qb3 Qe7 15. d5 exd5 16. cxd5 Kh8 17. Nc4 Bc7 18. Rad1 Qh4 19. g3 Qh3 20. dxc6 Bh5 21. f4 exf3 22. Qc2 Nf6 23. Nd5 Ng4 {Laxman,R (2411)-Eden,J (2294) Chess.com INT 2021 0-1 (39)}) 9... Ne4 10. Qc2 f5 11. Ne2 Bf7 12. Ne5 Nxe5 13. dxe5 Nc5 14. cxd5 Nxd3 15. Qxd3 Qxd5 16. Qc3 Qc5 17. Bd2 Qxc3 18. Bxc3 Be7 19. Rad1 Rd8 20. Ba5 Rd5 21. Bc7 Kd7 22. Bb6 Kc8 23. Rxd5 exd5 24. b4 g6 25. f4 Kd7 26. Nd4 Rb8 27. Rc1 Rc8 28. Kf2 Bg8 29. Kf3 Be6 30. g3 Rg8 31. Bc5 Bd8 32. a4 Bf7 33. b5 cxb5 34. axb5 a5 35. b6 Re8 36. Ra1 Be7 37. Rxa5 Rc8 38. Bxe7 Kxe7 39. Ra7 Ke8 40. Rxb7 g5 1-0

[Event "Titled Tue 12th Mar Late"]
[Site "chess.com INT"]
[Date "2024.03.12"]
[Round "3"]
[White "Nakamura, Hi"]
[Black "Kazakouski, Valery"]
[Result "1-0"]
[WhiteElo "2789"]
[BlackElo "2608"]
[PlyCount "145"]
[EventDate "2024.03.12"]

1. Nf3 d5 2. e3 Nf6 3. c4 c6 4. Qc2 Bg4 5. d4 ({RR} 5. Be2 Nbd7 6. b3 e5 7. Bb2 Bd6 8. Nc3 O-O 9. h3 Bh5 10. d3 Qe7 11. g4 Bg6 12. Nh4 d4 13. Nd1 dxe3 14. Nxe3 Bb4+ 15. Kf1 e4 16. d4 Ba3 17. Nhf5 Qb4 18. Bc3 Qb6 19. g5 Nh5 {Acosta Villarroel,L (2168)-Valgmae,T (2270) chess.com INT 2024 1-0 (58)}) 5... e6 ({RR} 5... Bxf3 6. gxf3 e6 7. Nc3 Bd6 8. e4 dxe4 9. fxe4 e5 10. c5 Bc7 11. dxe5 Bxe5 12. Be3 Ng4 13. Qe2 Nxe3 14. Qxe3 O-O 15. Rd1 Qf6 16. Bc4 Na6 17. O-O Bf4 18. Qh3 Nxc5 19. b4 Ne6 20. Bxe6 {Artemiev,V (2708)-Postny,E (2605) Chess.com INT 2020 1-0 (46)}) 6. Nbd2 $146 ({RR} 6. Nc3 Nbd7 7. Be2 Bd6 8. O-O Bf5 9. Qb3 Qc7 10. Bd2 dxc4 11. Bxc4 Nb6 12. Be2 Ne4 13. h3 Nd5 14. Nxe4 Bxe4 15. Ng5 Nf6 16. Rac1 Bd5 17. Qc2 h6 18. e4 hxg5 19. exd5 Nxd5 20. Bxg5 Bh2+ {Begna,B (1951)-Neugebauer,P (1802) Nordrheinwestfalen 2012 1-0 (40)}) 6... Nbd7 7. Bd3 Bd6 8. h3 Bh5 9. b3 Bg6 10. Bxg6 hxg6 11. Bb2 a5 12. a3 b5 13. O-O a4 14. cxb5 cxb5 15. bxa4 bxa4 16. Rfb1 O-O 17. Bc3 Qc7 18. Qd3 Rfb8 19. Rc1 Qd8 20. Ne5 Qf8 21. Nc6 Rb6 22. Bb4 Bxb4 23. Nxb4 e5 24. dxe5 Nxe5 25. Qd4 Qd6 26. Rc3 Rd8 27. Rac1 Rbb8 28. f4 Nc4 29. Nxc4 dxc4 30. Qxd6 Rxd6 31. Rxc4 Kh7 32. Rc7 Re8 33. Rxf7 Rxe3 34. Rcc7 Nh5 35. Rf8 Rd1+ 36. Kf2 Rde1 37. Nc2 R3e2+ 38. Kf3 Re8 39. Rxe8 Rxe8 40. Rc4 Nf6 41. Rxa4 Rc8 42. Ne3 Rc3 43. Ke2 Nh5 44. g4 Ng3+ 45. Kf2 Rb3 46. Kxg3 Rxe3+ 47. Kg2 Rb3 48. Ra5 Kg8 49. Ra8+ Kh7 50. Ra5 Rc3 51. h4 Rb3 52. h5 gxh5 53. Rxh5+ Kg8 54. Ra5 Kf7 55. Ra6 Rc3 56. f5 Rb3 57. a4 Ra3 58. Kf2 Rb3 59. a5 Ra3 60. g5 Rb3 61. Ra7+ Kf8 62. Ra8+ Kf7 63. g6+ Kf6 64. Rf8+ Kg5 65. Rf7 Kh6 66. a6 Ra3 67. a7 Ra1 68. Ke3 Ra4 69. Kd3 Kg5 70. Kc3 Ra1 71. Kb4 Ra2 72. Kc5 Rb2 73. a8=Q 1-0

[Event "Titled Tue 12th Mar Late"]
[Site "chess.com INT"]
[Date "2024.03.12"]
[Round "4"]
[White "Xiong, Jeffery"]
[Black "Kuzubov, Y."]
[Result "1-0"]
[WhiteElo "2645"]
[BlackElo "2605"]
[PlyCount "71"]
[EventDate "2024.03.12"]

1. Nf3 d5 2. g3 Nf6 3. Bg2 c5 4. O-O e6 5. c4 d4 6. e3 Nc6 7. exd4 cxd4 8. d3 h6 9. Re1 Bb4 ({RR} 9... Bd6 10. Na3 O-O 11. Nc2 a5 12. a3 e5 13. Rb1 a4 14. b4 axb3 15. Nb4 Re8 16. Qxb3 Bf5 17. Nd2 Qd7 18. Qc2 Bh3 19. Bh1 Ne7 20. Na2 Rab8 21. a4 Ng6 22. Rb5 Qc7 23. Ne4 Nxe4 24. Bxe4 {Duda,J (2732)-Keymer,V (2743) chess.com INT 2024 0-1 (37)}) ({RR} 9... Nd7 10. Na3 Bxa3 11. bxa3 O-O 12. Rb1 e5 13. a4 Re8 14. Ba3 Nf6 15. Rb5 Qc7 16. Rc5 Qb8 17. Nd2 Bf5 18. Qb3 Qc7 19. Nf3 Nd7 20. Rd5 Be6 21. Bd6 Qd8 22. Qxb7 Bxd5 23. cxd5 Na5 24. Qb5 {Kourkoulos Arditis,S (2580)-Bjerre,J (2637) Eforie Nord ROU 2025 1-0 (47)}) 10. Re2 a5 11. Na3 Bc5 $146 ({RR} 11... O-O 12. Nb5 Bc5 13. Bf4 Bd7 14. Rc1 Nh5 15. Bd6 Bxd6 16. Nxd6 Qc7 17. c5 Nf6 18. Nb5 Qb8 19. Nfxd4 Nxd4 20. Nxd4 Rd8 21. Qe1 Qc7 22. Qc3 Rac8 23. h3 Be8 24. Nf3 Bc6 25. d4 a4 26. Ne5 {Zubritskiy,A (2442)-Alexakis,D (2450) Chess.com INT 2020 1-0 (66)}) 12. Nb5 Na7 13. Bf4 Nxb5 14. cxb5 Qb6 15. a4 Nd5 16. Rc1 Nxf4 17. gxf4 O-O 18. Ne5 Bd6 19. Rec2 Qd8 20. Qe2 Rb8 21. Qe4 Bb4 22. Rc4 f6 23. Rxd4 Qe7 24. Ng6 Qe8 25. Nxf8 Bxf8 26. b6 Bd7 27. Rdc4 Bd6 28. Qd4 Qe7 29. Rc7 Bxc7 30. Rxc7 Rd8 31. Bxb7 Qe8 32. Ba6 Bc6 33. Qxd8 Qxd8 34. Rc8 Qxc8 35. Bxc8 Kf7 36. b7 1-0

[Event "Titled Tue 12th Mar Late"]
[Site "chess.com INT"]
[Date "2024.03.12"]
[Round "5"]
[White "Shimanov, A."]
[Black "Grischuk, A."]
[Result "1-0"]
[WhiteElo "2578"]
[BlackElo "2732"]
[PlyCount "77"]
[EventDate "2024.03.12"]

1. Nf3 d5 2. g3 c6 3. Bg2 Bg4 4. h3 Bh5 5. O-O Nf6 6. d4 e6 7. c4 Be7 8. cxd5 cxd5 9. Qb3 Qb6 10. Qxb6 axb6 11. Nc3 Nc6 12. e3 $146 ({RR} 12. Be3 Nd7 13. Nb5 O-O 14. Rfc1 Rfc8 15. a3 Na5 16. Rxc8+ Rxc8 17. Rc1 Rc6 18. Rc3 Kf8 19. g4 Bg6 20. Nd2 Bc2 21. b4 Rxc3 22. Nxc3 Nc6 23. f4 Nf6 24. Kf2 Ne8 25. Nf3 Nd6 26. Bc1 Ne4+ {Gurevich,D (2471)-Ashwin,J (2474) Saint Louis 2017 ½-½ (53)}) 12... Bg6 13. Bd2 O-O 14. Rfc1 Rfc8 15. Bf1 Ne4 16. Be1 h5 17. Nb5 Bf5 18. Kg2 g5 19. Be2 Kg7 20. Ne5 f6 21. Nd7 Rd8 22. Nxb6 Ra6 23. f3 Rxb6 24. fxe4 Bxe4+ 25. Kf2 g4 26. h4 Kg6 27. a4 Nb4 28. a5 Rc6 29. Rxc6 bxc6 30. Nc7 Nd3+ 31. Bxd3 Bxd3 32. a6 Bd6 33. Nxe6 Ra8 34. a7 Kf5 35. Nc5 Bb5 36. Bb4 Bc7 37. Ra3 Bb6 38. Nd7 Bc7 39. Bc5 1-0

[Event "Titled Tue 12th Mar Late"]
[Site "chess.com INT"]
[Date "2024.03.12"]
[Round "9"]
[White "Shimanov, A."]
[Black "Shirov, A."]
[Result "1-0"]
[WhiteElo "2578"]
[BlackElo "2658"]
[PlyCount "125"]
[EventDate "2024.03.12"]

1. Nf3 d5 2. g3 Nf6 3. Bg2 Bg4 4. h3 Bh5 5. c4 e6 6. cxd5 ({RR} 6. Qb3 Qc8 7. Nc3 c6 8. d4 Bd6 9. O-O O-O 10. Ne5 Nbd7 11. f4 c5 12. cxd5 cxd4 13. dxe6 Nc5 14. exf7+ Bxf7 15. Qd1 Rd8 16. Nxf7 Kxf7 17. Nb5 Bf8 18. b4 Nce4 19. Qb3+ Ke8 20. Bb2 Nd2 {Ernst,R (2355)-Salimiyan,B (2277) chess.com INT 2025 1-0 (35)}) 6... exd5 7. Qb3 b6 8. Nc3 Be7 $146 ({RR} 8... c6 9. O-O Bd6 10. d3 O-O 11. e4 dxe4 12. dxe4 Nbd7 13. Re1 Bxf3 14. Bxf3 Ne5 15. Bg2 Nd3 16. Rd1 Nxc1 17. Raxc1 Qe7 18. Qc4 Rac8 19. f4 Bc5+ 20. Kh2 Rfd8 21. e5 Ne8 22. Ne4 Be3 23. Rxd8 {Khotenashvili,B (2420)-Shirov,A (2660) chess.com INT 2024 1-0}) 9. g4 Bg6 10. g5 Ne4 11. Qxd5 c6 12. Qxd8+ Kxd8 13. Ne5 Nxc3 14. dxc3 Kc7 15. Bf4 Kb7 16. O-O-O Rc8 17. h4 Bh5 18. Rd2 f6 19. gxf6 gxf6 20. Nxc6 Nxc6 21. Rd7+ Ka6 22. Bxc6 Rxc6 23. Rxe7 Rc4 24. Bg3 Bg6 25. h5 Re4 26. Rxe4 Bxe4 27. f3 Bd5 28. b3 Rg8 29. Bf4 Rg2 30. c4 Bf7 31. Kd2 Kb7 32. h6 Kc6 33. Ke3 Rg8 34. Rd1 Re8+ 35. Kf2 Re6 36. e4 Bg6 37. Rd5 a6 38. a4 Be8 39. Be3 Bg6 40. Bd4 Kc7 41. b4 Rc6 42. c5 b5 43. axb5 axb5 44. Be3 Ra6 45. Bf4+ Kc8 46. Kg3 Bf7 47. Rd4 Be6 48. Bd6 f5 49. Kf4 fxe4 50. Rxe4 Kd7 51. Kg5 Ra8 52. Kf6 Rg8 53. c6+ Kxd6 54. Rxe6+ Kc7 55. Re7+ Kxc6 56. Rxh7 Rg3 57. f4 Rb3 58. Rf7 Rxb4 59. Kg5 Rb1 60. h7 Rh1 61. Rf6+ Kd5 62. Rh6 Rg1+ 63. Kf5 1-0

[Event "Swiss Queens Wed #7 2024"]
[Site "FIDE Online Arena INT"]
[Date "2024.03.13"]
[Round "11.31"]
[White "Dronavalli, Harika"]
[Black "Kosteniuk, A."]
[Result "1-0"]
[WhiteElo "2503"]
[BlackElo "2501"]
[PlyCount "129"]
[EventDate "2024.03.13"]

1. Nf3 f5 2. d3 Nf6 3. Nc3 d5 ({RR} 3... d6 4. e4 g6 5. e5 dxe5 6. Nxe5 Bg7 7. d4 Be6 8. Be2 Nbd7 9. O-O Nxe5 10. dxe5 Nd5 11. Nxd5 Qxd5 12. Qxd5 Bxd5 13. Rd1 O-O-O 14. Bf4 h6 15. h4 e6 16. c4 Bc6 17. Rxd8+ Rxd8 18. Rd1 {Malakhov,V (2713)-Nepomniachtchi,I (2767) Doha 2016 0-1 (60)}) 4. Bg5 ({RR} 4. e4 d4 5. Ne2 c5 6. exf5 Bxf5 7. Ng3 Bg6 8. Ne5 Nc6 9. Nxg6 hxg6 10. Be2 Qc7 11. Bf3 O-O-O 12. Bd2 e6 13. Qe2 Re8 14. O-O-O Bd6 15. Ne4 Be7 16. g3 e5 17. h4 Nb4 18. Kb1 Kb8 {Nanu,C (2525)-Kosteniuk,A (2501) chess.com INT 2024 ½-½ (78)}) 4... d4 5. Nb1 $146 ({RR} 5. Nb5 c5 6. a4 Nc6 7. g3 a6 8. Na3 h6 9. Bxf6 exf6 10. Bg2 Be6 11. O-O Bd6 12. e3 O-O 13. exd4 cxd4 14. Nc4 Bc7 15. Nfd2 Bd5 16. Re1 Bxg2 17. Kxg2 b5 18. Na3 Ne5 19. Kg1 Qd5 {Masague Artero,G (2345)-Rios Garcia,M (1852) Benasque ESP 2024 0-1 (35)}) 5... Nc6 6. g3 e5 7. Bg2 Be7 8. c3 O-O 9. O-O Be6 10. cxd4 exd4 11. Nbd2 h6 12. Bxf6 Bxf6 13. Rc1 Bd5 14. a3 Qe7 15. Ne1 Bxg2 16. Nxg2 Kh7 17. Re1 Qf7 18. Qb3 Bg5 19. Qxf7 Rxf7 20. Rc2 Bxd2 21. Rxd2 Re8 22. Rc1 Rfe7 23. Kf1 g5 24. Rdc2 a5 25. Ne1 g4 26. Ng2 Re5 27. Nf4 Rb5 28. Kg2 Ree5 29. h4 Kg7 30. Rd2 Kf7 31. Rc4 Rb3 32. Rdc2 Reb5 33. Rc5 a4 34. Rxb5 Rxb5 35. Kf1 Ke7 36. Ke1 Kd6 37. Kd1 Ne5 38. Kc1 c6 39. Kb1 Ra5 40. Rc1 Ra8 41. Ka2 b5 42. Rc2 Re8 43. Kb1 Nd7 44. Kc1 Nc5 45. Kd1 Nb3 46. Ng2 c5 47. e3 Kd5 48. Re2 b4 49. Nf4+ Kd6 50. exd4 Rxe2 51. dxc5+ Nxc5 52. Kxe2 bxa3 53. bxa3 Ke5 54. Kd2 Nb3+ 55. Kc3 Nc1 56. d4+ Ke4 57. d5 Ke5 58. Kc4 Nb3 59. Kb5 Nd2 60. Kxa4 Ne4 61. Kb5 Nxf2 62. a4 Ne4 63. Kc6 Nxg3 64. d6 Ne4 65. d7 1-0

[Event "Bundesliga 2023-24"]
[Site "Munich GER"]
[Date "2024.03.17"]
[Round "13.5"]
[White "Vrolijk, Liam"]
[Black "Bogner, S."]
[Result "1-0"]
[WhiteElo "2568"]
[BlackElo "2536"]
[PlyCount "110"]
[EventDate "2023.10.21"]
[WhiteTeam "SV Muelheim Nord"]
[BlackTeam "FC Bayern Muenchen"]

1. Nf3 d5 2. g3 Bg4 3. Bg2 c6 4. h3 Bh5 5. c4 e6 6. d4 Nf6 7. Nc3 Nbd7 ({RR} 7... Be7 8. O-O Nbd7 9. cxd5 cxd5 10. Ne5 O-O 11. Qb3 Nxe5 12. dxe5 Nd7 13. Qxb7 Nxe5 14. Bf4 Nc4 15. b3 Nd6 16. Qa6 Qc8 17. Qd3 Bg6 18. Qd2 Rd8 19. Rac1 Qa6 20. Na4 Rac8 21. Be5 Ne4 22. Qb2 {Gonda,L (2474)-Bochnicka,V (2348) Slovakia SVK 2025 ½-½ (60)}) 8. cxd5 Bxf3 9. Bxf3 exd5 $146 ({RR} 9... cxd5 10. g4 Bb4 11. g5 Ne4 12. Bxe4 dxe4 13. Qc2 Qa5 14. Rg1 O-O 15. Bd2 Qf5 16. a3 Bxc3 17. Bxc3 Nb6 18. e3 Nd5 19. Rg4 Rfc8 20. Rc1 Rc6 21. Qxe4 Rac8 22. Qxf5 exf5 23. Rg1 Nxc3 24. bxc3 {Warmerdam,M (2607)-Lopez,J (2401) Utrecht NED 2023 ½-½ (41)}) 10. g4 h6 11. h4 Bb4 12. Qb3 Qb6 13. Be3 O-O-O 14. O-O-O Bd6 15. Qc2 Qc7 16. g5 Ng8 17. Kb1 Nb6 18. Bc1 Kb8 19. gxh6 Nxh6 20. h5 Bf4 21. e3 Bg5 22. Rhg1 Qe7 23. e4 Bxc1 24. Qxc1 dxe4 25. Qf4+ Ka8 26. Bxe4 Qf6 27. Qxf6 gxf6 28. d5 cxd5 29. Nxd5 Nxd5 30. Rxd5 Rxd5 31. Bxd5 Kb8 32. Rg7 b6 33. a3 a5 34. Ka2 Rd8 35. Bb3 Rh8 36. f3 Kc8 37. Bd5 Re8 38. f4 Rh8 39. Kb3 Kd7 40. Bxf7 Nxf7 41. Rxf7+ Ke6 42. Rb7 Kd5 43. Rxb6 f5 44. Ka4 Ke4 45. Kxa5 Kxf4 46. b4 Ke5 47. b5 f4 48. Rc6 f3 49. Rc1 Kd4 50. a4 Rxh5 51. Ka6 Rc5 52. Rb1 f2 53. b6 Rc2 54. b7 Rb2 55. Rf1 Kd5 1-0

[Event "TCh-ISR 2024"]
[Site "Israel ISR"]
[Date "2024.03.02"]
[Round "10.19"]
[White "Gelfand, B."]
[Black "Boruchovsky, A."]
[Result "1-0"]
[WhiteElo "2664"]
[BlackElo "2529"]
[PlyCount "109"]
[EventDate "2024.01.10"]
[WhiteTeam "Feldklein Rishon LeZion"]
[BlackTeam "Hapoel Kfar Saba"]

1. Nf3 d5 2. g3 Nf6 3. Bg2 c5 4. O-O g6 5. d4 cxd4 6. Nxd4 Bg7 7. Nb3 Nc6 8. Nc3 e6 9. e4 d4 10. e5 Nxe5 $146 ({RR} 10... dxc3 11. Qxd8+ Nxd8 12. exf6 Bxf6 13. bxc3 Bd7 14. Nc5 Rc8 15. Ne4 Be7 16. Be3 f5 17. Bd4 O-O 18. Nd2 Nc6 19. Be3 b6 20. Rfd1 Rfd8 21. Nc4 Be8 22. Rd3 b5 23. Nd2 b4 24. c4 Rxd3 25. cxd3 {Meier,G (2620)-Sethuraman,S (2594) chess.com INT 2024 0-1 (75)}) ({RR} 10... dxc3 11. exf6 Bxf6 12. bxc3 O-O 13. Qf3 Bg7 14. Ba3 Re8 15. Rab1 Qf6 16. Qxf6 Bxf6 17. Rfd1 Bxc3 18. Nc5 Bf6 19. Nxb7 Bxb7 20. Rxb7 Nd4 21. c4 Rac8 22. Bf1 Red8 23. Kg2 a5 24. c5 Rb8 25. Rb6 {Carlsen,M (2856)-Erigaisi,A (2728) chess24.com INT 2022 1-0 (48)}) 11. Nxd4 O-O 12. Re1 Nd5 13. Nxd5 exd5 14. Bf4 Nc4 15. b3 Nb6 16. a4 a5 17. Nb5 Bd7 18. Bc7 Qf6 19. Be5 Qd8 20. Bxg7 Kxg7 21. Nd4 Qf6 22. Qd2 Rfe8 23. Rxe8 Bxe8 24. Re1 Bc6 25. Rd1 Bd7 26. h4 h6 27. f4 Kh7 28. Re1 Re8 29. Rxe8 Bxe8 30. Nf3 Bd7 31. Qxa5 Bf5 32. Qd2 Qa1+ 33. Kh2 Nd7 34. Qxd5 Kg8 35. Ne5 Nxe5 36. Qxe5 Qa2 37. a5 Qxc2 38. b4 Be6 39. Qb8+ Bc8 40. b5 Kh7 41. b6 Kg7 42. a6 bxa6 43. b7 Bxb7 44. Qxb7 a5 45. Qe4 Qa2 46. Qd5 Qa4 47. h5 gxh5 48. Qxh5 Qa1 49. Bd5 Qf6 50. Qe5 Qxe5 51. fxe5 Kg6 52. g4 h5 53. gxh5+ Kxh5 54. Bxf7+ Kg5 55. Ba2 1-0

[Event "American Cup Elim"]
[Site "Saint Louis USA"]
[Date "2024.03.18"]
[Round "4.4"]
[White "So, W."]
[Black "Robson, R."]
[Result "1-0"]
[WhiteElo "2757"]
[BlackElo "2696"]
[PlyCount "69"]
[EventDate "2024.03.14"]
[EventType "k.o."]

1. Nf3 d5 2. g3 c5 3. Bg2 Nf6 4. O-O g6 5. d3 Bg7 6. Nbd2 Nc6 7. e4 O-O 8. Re1 b6 9. c3 dxe4 10. dxe4 Ng4 11. e5 ({RR} 11. Nc4 Qxd1 12. Rxd1 Ba6 13. Bf1 Rad8 14. Bf4 Bb7 15. a4 h6 16. h3 Nf6 17. Re1 g5 18. Bc1 Nd7 19. a5 b5 20. a6 Ba8 21. Ne3 Nce5 22. Nh2 Bxe4 23. Bxb5 Nf6 24. Neg4 Nfxg4 25. Rxe4 Rd1+ {Ghasi,A (2485)-Kramnik,V (2753) chess.com INT 2024 1-0 (40)}) 11... Rb8 12. e6 f5 $146 ({RR} 12... fxe6 13. Qa4 Nge5 14. Nxe5 Nxe5 15. Qxa7 Bb7 16. Ne4 Nf3+ 17. Bxf3 Rxf3 18. Bg5 Qc7 19. Qa4 h6 20. Be3 Ra8 21. Qc2 Qc6 22. Bd2 Raf8 23. Re2 Qd5 24. c4 Qf5 25. Rf1 Qg4 26. Bc3 Bd4 27. Be1 {Stefanopoulos,O-Mastrokoukos,G (2325) Athens 1993 0-1}) 13. Ng5 Nce5 14. h3 Nh6 15. Ndf3 Nd3 16. Bf4 Nxf4 17. gxf4 Bb7 18. Qd7 Bxf3 19. Bxf3 Bf6 20. Rad1 b5 21. Qxa7 Qb6 22. Rd7 Qxa7 23. Rxa7 b4 24. c4 b3 25. a4 Bxb2 26. Rxe7 Bf6 27. Rd7 b2 28. Rb1 Rfd8 29. a5 Rxd7 30. exd7 Rb3 31. Bd5+ Kh8 32. a6 Ra3 33. Rxb2 Rxa6 34. Rb8+ Kg7 35. Ne6+ 1-0

[Event "Grand Prix Bucharest 2024"]
[Site "Bucharest ROU"]
[Date "2024.03.24"]
[Round "8.3"]
[White "Mikhalevski, V."]
[Black "Sarana, A."]
[Result "1-0"]
[WhiteElo "2514"]
[BlackElo "2699"]
[PlyCount "119"]
[EventDate "2024.03.23"]

1. Nf3 d5 2. g3 g6 3. Bg2 Bg7 4. d4 c6 5. O-O Nf6 6. c4 dxc4 7. a4 Ne4 8. Nc3 Nd6 9. e4 Bg4 10. Be3 Qc8 11. Qe2 ({RR} 11. h4 O-O 12. Qd2 Rd8 13. Bg5 Re8 14. e5 f6 15. Bf4 Nf7 16. Rae1 Na6 17. Qe2 Qe6 18. Qe3 Nb4 19. d5 Nxd5 20. Nxd5 cxd5 21. Nd4 Qb6 22. a5 Qxa5 23. e6 Ne5 24. f3 Bf5 25. Nxf5 gxf5 {Preotu,R (2483)-Jaferian,K (2261) Toronto CAN 2025 0-1 (48)}) 11... O-O 12. e5 Nf5 13. Qxc4 Na6 $146 ({RR} 13... Nxe3 14. fxe3 Bh6 15. Rae1 a5 16. Ne4 Be6 17. Qc5 Qd8 18. Neg5 Bc8 19. e6 fxe6 20. e4 Na6 21. Qc4 b5 22. Qc3 Qb6 23. h4 Bg7 24. Kh2 Bd7 25. e5 bxa4 26. h5 Qb3 27. Qd2 Nb4 28. hxg6 {Berczes,D (2399)-Gedajlovic,M (2378) Budapest HUN 2024 0-1 (41)}) 14. Ng5 h6 15. Nge4 Nxe3 16. fxe3 Qe6 17. Qxe6 Bxe6 18. a5 Rad8 19. Na4 Nb4 20. Ra3 Nc2 21. Rc3 Nxd4 22. exd4 Rxd4 23. Nac5 Bd5 24. Re3 Bc4 25. Rc1 b6 26. axb6 axb6 27. Nb3 Bxb3 28. Rxb3 Bxe5 29. Rxc6 Rd1+ 30. Bf1 Rfd8 31. Rc2 Re1 32. Re2 Ra1 33. Nf2 Bd4 34. Kg2 e5 35. Ng4 Bc5 36. Nxe5 Kg7 37. Rd3 Rda8 38. Rd7 R8a7 39. Red2 Kf6 40. Rxa7 Rxa7 41. Nd7+ Ke7 42. Nxc5 bxc5 43. Bc4 Ra1 44. Re2+ Kf8 45. b3 Ra7 46. h4 Rc7 47. Re5 Kg7 48. h5 Kf6 49. Rd5 Ke7 50. Kf3 Rc6 51. Ke4 Kf6 52. Rd7 gxh5 53. Rxf7+ Kg6 54. Rf8 h4 55. gxh4 Rd6 56. Rf4 Rd1 57. Ke5 h5 58. Bf7+ Kh6 59. Bd5 Rd3 60. Kd6 1-0

[Event "Grand Prix Bucharest 2024"]
[Site "Bucharest ROU"]
[Date "2024.03.24"]
[Round "8.4"]
[White "Deac, Bogdan-Daniel"]
[Black "Lupulescu, C."]
[Result "1-0"]
[WhiteElo "2690"]
[BlackElo "2579"]
[PlyCount "95"]
[EventDate "2024.03.23"]

1. Nf3 d5 2. g3 Nd7 3. d4 Nb6 4. Nc3 Nf6 5. Bg2 h6 ({RR} 5... Bf5 6. Nh4 e6 7. O-O c6 8. f3 Bg6 9. e4 Bb4 10. e5 Nfd7 11. Ne2 Be7 12. Nxg6 hxg6 13. c3 c5 14. f4 Qc7 15. Rb1 O-O-O 16. Be3 Kb8 17. h4 Rc8 18. Bf2 Nc4 19. Bf3 Qa5 20. a3 {Oparin,G (2652)-Alekseenko,K (2696) Chess.com INT 2021 1-0 (73)}) 6. Nd2 $146 ({RR} 6. Qd3 c6 7. O-O g6 8. e4 dxe4 9. Nxe4 Bg7 10. Nxf6+ Bxf6 11. Re1 Bf5 12. Qe2 Bg4 13. h3 Bxf3 14. Qxf3 Bg7 15. c3 O-O 16. h4 e6 17. Re2 Nd5 18. Bd2 a6 19. Rd1 a5 20. b3 a4 {Oparin,G (2652)-Westerberg,J (2534) Tornelo INT 2021 1-0 (62)}) ({RR} 6. Qd3 c6 7. e4 dxe4 8. Nxe4 Nxe4 9. Qxe4 Be6 10. O-O Bd5 11. Qf4 Bxf3 12. Bxf3 e6 13. h4 Nd5 14. Qd2 Qf6 15. Be4 Rd8 16. c3 Bd6 17. Qe2 Qe7 18. Bc2 Nf6 19. Be3 Qc7 20. Qf3 Qa5 {Fiorito,F (2433)-Schenderowitsch,M (2175) Roquetas de Mar ESP 2025 1-0 (66)}) 6... Bg4 7. h3 Bh5 8. g4 Bg6 9. e4 e6 10. exd5 Nbxd5 11. Nxd5 Nxd5 12. c3 c6 13. Nc4 Bd6 14. Qe2 Nf4 15. Nxd6+ Qxd6 16. Bxf4 Qxf4 17. Qe3 Qxe3+ 18. fxe3 Ke7 19. Kf2 f6 20. Bf3 e5 21. h4 Rad8 22. Rad1 Rd6 23. e4 Rhd8 24. Ke3 Bf7 25. b3 a5 26. g5 hxg5 27. hxg5 fxg5 28. Rhg1 Rg6 29. dxe5 Rxd1 30. Bxd1 Rh6 31. Rxg5 g6 32. Rg2 Rh3+ 33. Bf3 Rh1 34. Rd2 Re1+ 35. Kf4 Rf1 36. Kg3 Rg1+ 37. Kf2 Ra1 38. Ke3 Re1+ 39. Kf4 Rf1 40. Rh2 Ra1 41. c4 Rc1 42. Bg4 Rf1+ 43. Kg5 Rg1 44. Rh7 Kf8 45. Kf6 Rf1+ 46. Kg5 Rg1 47. Kf6 Rf1+ 48. Bf5 1-0